Statistiche per Paesi più vicini al Lussemburgo (con una mappa)

Clicka qui per fare il quiz!

Statistiche generali

  • Questo quiz è stato fatto 139 volte
  • Il punteggio medio è 13 su 20

Risposte nella Mappa

Le risposte nella mappa del quiz sottostante sono codificate secondo una scala di colori dal rosso al verde in base alla % di persone che hanno risposto correttamente.
 

Statistiche sulle risposte

nazione% Corretto
Francia
98%
Germania
95%
Italia
92%
Belgio
91%
Paesi Bassi
91%
Svizzera
90%
Austria
77%
Regno Unito
72%
Liechtenstein
68%
Danimarca
66%
Monaco
62%
Spagna
59%
Cechia
56%
San Marino
49%
Polonia
48%
Slovenia
37%
Slovacchia
32%
Svezia
27%
Ungheria
26%
Croazia
17%

Distribuzione punteggi

Percentile per numero di risposta

Percentuale di utenti per punteggio

I tuoi punteggi nel tempo

Non hai fatto questo quiz